| 000 | 00412pab a2200157 454500 | ||
|---|---|---|---|
| 008 | 180718b2004 xxu||||| |||| 00| 0 eng d | ||
| 100 | _aStephanson, K.A. | ||
| 245 | _aHousehold handicrafts labour in Kerala | ||
| 260 | _c2004 | ||
| 300 | _ap.391-95. | ||
| 362 | _aApr-Jun | ||
| 650 | _aHandicrafts - India - Kerala | ||
| 650 | _aHandicrafts | ||
| 773 | _aIndian Journal of Labour Economics | ||
| 909 | _a62451 | ||
| 999 |
_c62451 _d62451 |
||